| 000 | 00559nam a22002297a 4500 | ||
|---|---|---|---|
| 999 |
_c10213 _d10213 |
||
| 001 | 10213 | ||
| 003 | OSt | ||
| 005 | 20180520131005.0 | ||
| 008 | 180421b1963 uk ||||| |||| 00| 0 eng d | ||
| 035 | _a(BD-JhCC)10213 | ||
| 040 |
_aBD-JhCC _dBD-JhCC |
||
| 041 | _aeng | ||
| 082 |
_a581 _bSHE1963 |
||
| 100 | _aShewell, M.E. J. | ||
| 245 |
_aScience workbooks / _c M.E. J. Shewell and R. W. Crossland |
||
| 260 |
_aLondon : _c1963. |
||
| 300 |
_a31 p. : _c26 cm. |
||
| 650 | _aPlants | ||
| 700 | _aCrossland, R. W. | ||
| 942 |
_2ddc _cBK |
||